| 000 | 01102cam a22002651i 4500 | ||
|---|---|---|---|
| 003 | SA_RiAUC | ||
| 005 | 20250720034344.0 | ||
| 008 | 250719s2007____su g f000 0 ara c | ||
| 040 |
_aSA-MaHRM _bara _cSA-RiAUC _erda |
||
| 082 | 0 | 4 | _a212 |
| 090 |
_a212 _bح ا ز |
||
| 100 |
_aالحازمي، عبد الرحمن بن سعيد بن حسين _eمؤلف. |
||
| 245 | 1 | 2 |
_aالازدواجية في السلوك : _bأسبابها وطرق علاجها من منظور التربية الإسلامية / _cعبد الرحمن بن سعيد بن حسين الحازمي. |
| 250 | _aالطبعة الأولى. | ||
| 264 | 1 |
_aمكة المكرمة : _bجامعة أم القرى، _c2007. |
|
| 300 |
_a61 صفحة ؛ _c24 سم |
||
| 336 |
_aنص _btxt _2rdacontent _3كتاب |
||
| 337 |
_aبدون وسيط _bn _2rdamedia |
||
| 338 |
_aمجلد _bnc _2rdacarrier |
||
| 650 | 7 |
_aالتربية الإسلامية _2aucsh |
|
| 650 | 7 |
_aالأخلاق الإسلامية _2aucsh |
|
| 650 | 7 |
_aالسلوك (علم نفس) _2aucsh |
|
| 942 |
_2ddc _cBOOK _n0 |
||
| 949 |
_aSA-JeALM _d250719 _umohamedma123 _n1 |
||
| 999 |
_c10080 _d10080 |
||